000 00365 a2200157 4500
001 60382
020 _a8516040461
040 _cAnchieta - Pituba
100 _aAlves, Júlia Falivene
240 1 0 _aA invasão cultural norte-americana
_lpor
245 1 0 _aA invasão cultural norte-americana
300 _a192
362 0 _a2004
650 4 _aBrasil
942 _cBK
999 _c60382
_d60382